| 000 | 02420aam a2200325 i 4500 | ||
|---|---|---|---|
| 001 | 768714001 | ||
| 003 | CO-MdFUSB | ||
| 005 | 20250611102520.0 | ||
| 007 | ta | ||
| 008 | 250611t2006 sp |||| |||| 00| 0 spa d | ||
| 020 | _a84-8267-478-1 | ||
| 040 | _cCO-MdFUSB | ||
| 041 | 0 |
_aspa _heng |
|
| 082 | 0 | 4 |
_223 _a232.901 _bS8191j |
| 100 | 1 |
_aStein, Robert H. (1935-) _eautor |
|
| 240 | _aJesus the Messiah | ||
| 245 | 1 | 0 |
_aJesús, el Mesías : _bun estudio de la vida de Cristo _c/ Robert H. Stein ; traducido por Pedro L. Gómez Flores |
| 264 | 1 |
_bClie, _aBarcelona, España : _c[2006] |
|
| 264 | 4 | _c©2006 | |
| 300 | _a333 páginas | ||
| 336 |
_atexto _btxt _2rdacontent |
||
| 337 |
_2rdamedia _asin mediación _bn |
||
| 338 |
_2rdacarrier _avolumen _bnc |
||
| 505 |
_gPrimera parte: _tCuestiones clave al estudiar la vida de Cristo: _aEl lugar de donde partes determina el lugar adonde llegas: El papel de las presuposiciones al estudiar la vida de Jesús. -- ¿A dónde podemos recurrir?: fuentes para estudiar la vida de Jesús. -- ¿Cuándo sucedió todo esto?: el problema de la cronología. _gSegunda parte: _tLa vida de Cristo: _aConcebido por el Espíritu Santo, nacido de la virgen María: cómo comenzó todo. -- ¿cómo fueron realmente la infancia y la juventud de Jesús? : los años de silencio. -- El bautismo de Jesús: la unción del ungido. -- La tentación de Jesús: comienza la batalla y se decide el camino. -- El llamamiento de los discípulos: seréis mis testigos. -- El mensaje de Jesús: "el reino se ha acercado". -- La persona de Jesús: "quién, pues, es éste que aún el viento y el mar le obedecen? -- Los acontecimientos de Cesarea de Filipo? : el momento decisivo. -- La transfiguración: una vislumbre del futuro. -- La entrada triunfal: el rey de Israel entra en Jerusalén. -- La purificación del templo: la casa de Dios convertida en cueva de ladrones. -- La última cena: Jesús mira hacia el futuro. -- Getsemaní, traición y arresto : voluntad de Dios, traición humana y corrupción institucional. -- El juicio: la condena del Inocente. -- Sufrimiento bajo Poncio Pilato, muerte y sepultura: despreciado y rechazado, Varón de dolores. -- La resurrección : "por qué buscáis entre los muertos al que vive" |
||
| 563 | _aRústico | ||
| 650 | 7 |
_aCristología _9239 |
|
| 700 |
_aGómez Flores, Pedro L. _93149 _etraductor |
||
| 942 | _cBK | ||
| 945 | _aJTF-925 | ||
| 999 |
_c42944 _d42944 |
||